00466nam a2200169 a 450000100060000000300090000600800410001502000150005604000280007108200190009910000160011824500610013426000300019530000070022549000410023265000230027313846CO-ViMGA141112s2004 ck r 000 u spa d a8480131764 aCO-ViMGAbspacCO-ViMGA04a617.1027 N184a1 aNavia, Juan10aAplicacion de la reanimacion cardiopulmonar en el futbol aMadrid : bGymnos, c1999 a83 aReal Federacion Española de Futbol14aMEDICINA DEPORTIVA